Every Song by All - Statistics

General Stats
  • This quiz has been taken 2 times
  • The average score is 29 of 136
Answer Stats
Album Song % Correct
Breaking Things(1993) 'Cause
100%
Mass Nerder(1998) World's on Heroin
100%
Allroy Sez(1988) #10
50%
Allroy Sez(1988) Alfredo's
50%
Allroy Sez(1988) A Muse
50%
Allroy Sez(1988) Auto Wreck
50%
Breaking Things(1993) Bail
50%
Breaking Things(1993) Birthday I.O.U.
50%
Allroy Saves(1990) Crawdad
50%
Breaking Things(1993) Crucified
50%
Allroy Saves(1990) Cyclops
50%
Allroy Saves(1990) Educated Idiot
50%
Breaking Things(1993) Excuses
50%
Allroy Saves(1990) Explorador
50%
Mass Nerder(1998) Fairweather Friend
50%
Allroy Saves(1990) Freaky
50%
Allroy Saves(1990) Frog
50%
Mass Nerder(1998) Greedy
50%
Breaking Things(1993) Guilty
50%
Mass Nerder(1998) Honey Peeps
50%
Allroy Sez(1988) Hooidge
50%
Breaking Things(1993) Horizontal
50%
Mass Nerder(1998) I'll Get There
50%
Problematic(2000) I Want Out
50%
Allroy Saves(1990) Just Like Them
50%
Allroy Saves(1990) Just Living
50%
Allroy Sez(1988) Just Perfect
50%
Mass Nerder(1998) Life on the Road
50%
New Girl, Old Story(1991) New Girl, Old Story
50%
Percolater(1992) Nothin'
50%
Breaking Things(1993) Original Me
50%
Allroy Sez(1988) Paper Tiger
50%
Mass Nerder(1998) Perfection
50%
Breaking Things(1993) Politics
50%
Allroy Sez(1988) Pretty Little Girl
50%
Allroy Saves(1990) Prison
50%
Allroy Saves(1990) Ratchet
50%
Mass Nerder(1998) Refrain
50%
Breaking Things(1993) Right
50%
Mass Nerder(1998) Romantic Junkie
50%
Breaking Things(1993) Rosco
50%
Allroy Sez(1988) | Trailblazer(1990) Sex in the Way
50%
Problematic(2000) She Broke My Dick
50%
Breaking Things(1993) Shreen
50%
Mass Nerder(1998) Silence
50%
Mass Nerder(1998) Silly Me
50%
Allroy Saves(1990) Simple Things
50%
Breaking Things(1993) Stick
50%
Breaking Things(1993) Strip Bar
50%
Allroy Sez(1988) Sugar and Spice
50%
Allroy Saves(1990) Sum
50%
Mass Nerder(1998) Think the World
50%
Mass Nerder(1998) Until I Say So
50%
Mass Nerder(1998) Until Then
50%
Mass Nerder(1998) Vida Blue
50%
Problematic(2000) Alive
0%
Allroy Sez(Bonus)(1988) Allthymn
0%
New Girl, Old Story(1991) At the Party
0%
Pummel(Bonus)(1995) Away She Went
0%
Problematic(2000) Better Than That
0%
Percolater(1992) Birds
0%
Pummel(1995) Black Sky
0%
Allroy's Revenge(1989) Box
0%
Pummel(1995) Breakin' Up
0%
Percolater(1992) Breathe
0%
Pummel(1995) Broken
0%
Allroy's Revenge(1989) Bubblegum
0%
Pummel(1995) Button It
0%
Allroy's Revenge(Bonus)(1989) Carnage
0%
Problematic(2000) Carry You
0%
New Girl, Old Story(1991) Casual Girl
0%
Percolater(1992) Charligan
0%
Allroy's Revenge(1989) Check One
0%
Allroy's Revenge(1989) Copping Z
0%
All(1999) Crazy?
0%
Problematic(2000) Crucifiction
0%
Allroy for Prez(1988) Daveage
0%
Allroy Sez(Bonus)(1988) Don Quixote
0%
Percolater(1992) Dot
0%
Problematic(2000) Drive Away
0%
Percolater(1992) Egg Timer
0%
Percolater(1992) Empty
0%
New Girl, Old Story(1991) Face 2 Face
0%
Allroy's Revenge(1989) Fool
0%
Pummel(1995) Gettin' There
0%
Percolater(1992) Gnugear
0%
Allroy's Revenge(1989) Gnutheme
0%
Mass Nerder(1998) Good As My Word
0%
New Girl, Old Story(1991) Guitar Case
0%
Pummel(1995) Hetero
0%
Percolater(1992) Hey Bug
0%
Percolater(1992) Hotplate
0%
Allroy for Prez(1988) I Hate to Love
0%
New Girl, Old Story(1991) Keep It
0%
New Girl, Old Story(1991) Last Refuge
0%
Problematic(2000) Lock 'Em Away
0%
Pummel(1995) Long Distance
0%
Problematic(2000) Make Believe
0%
Allroy's Revenge(1989) Man-O-Steel
0%
Allroy's Revenge(1989) Mary
0%
Pummel(1995) Million Bucks
0%
Percolater(1992) Minute
0%
Pummel(1995) Miranda
0%
Percolater(1992) MO. 63
0%
Allroy's Revenge(1989) Net
0%
Problematic(2000) Never Took
0%
Percolater(1992) Nobody's
0%
Pummel(1995) Not Easy
0%
Problematic(2000) Nothin' to Live For
0%
Allroy's Revenge(1989) No Traffic
0%
Pummel(1995) On Foot
0%
Allroy for Prez(1988) Postage
0%
Problematic(2000) Real People
0%
Problematic(2000) Roir
0%
Allroy's Revenge(1989) Scary Sad
0%
Pummel(1995) Self-Righteous
0%
Allroy's Revenge(1989) She's My Ex
0%
Allroy for Prez(1988) Skin Deep
0%
Allroy for Prez(1988) Son-O-Qua
0%
New Girl, Old Story(1991) Son-O-Theme
0%
New Girl, Old Story(1991) Special to Me
0%
Pummel(1995) Stalker
0%
Problematic(2000) Stupid Kind of Love
0%
New Girl, Old Story(1991) Telltale Signs
0%
Problematic(2000) Teresa
0%
Problematic(2000) The Skin
0%
New Girl, Old Story(1991) This is Not a Dream
0%
Pummel(1995) This World
0%
Pummel(1995) Uncle Critic
0%
New Girl, Old Story(1991) U R Super
0%
Problematic(2000) What Are You For?
0%
Allroy for Prez(Bonus)(1988) Wishing Well
0%
Percolater(1992) Wonder
0%
Allroy for Prez(1988) Wrong Again
0%
Problematic(2000) www.sara
0%
No matching quizzes found
Score Distribution
Percent of People with Each Score
Percentile by Number Answered
Your Score History
You have not taken this quiz